000 00460nam a2200169Ia 4500
008 230917s9999||||xx |||||||||||||| ||und||
020 _cRS110
040 _e256462
_aMAIN
041 _aEnglish
082 _a301.04 Y11S
100 _aYadav, Ram Ganesh, ed.
245 0 _aSamajshastriya chintan ke adhaar
260 _aNew Delhi
_bOrient Blackswan
_c2014
300 _ax, 161 p.
500 _a3513 18/07/2019 HBD19/7919 06/08/2019 Main Budget
942 _cBK
999 _c31772
_d31772